[Event "Caribbean-chT Blitz 24th"]
[Site "San Salvador"]
[Date "2023.07.06"]
[Round "4.1"]
[White "Alvarez Gutierrez, Patricia"]
[Black "Hernandez Alvarez, Tania Regla"]
[Result "0-1"]
[WhiteElo "1607"]
[BlackElo "2001"]
[PlyCount "34"]
[EventDate "2023.07.06"]
[EventType "tourn (blitz)"]
[EventRounds "15"]
[EventCountry "ESA"]
[SourceTitle "CBM 215 Extra"]
[Source "ChessBase"]
[SourceDate "2023.09.30"]
[SourceVersion "1"]
[SourceVersionDate "2023.09.30"]
[SourceQuality "1"]
[WhiteTeam "Nicaragua"]
[BlackTeam "Costa Rica"]
[WhiteTeamCountry "NCA"]
[BlackTeamCountry "CRI"]

1. d4 c5 2. d5 e6 3. c4 exd5 4. cxd5 d6 5. Nc3 Nf6 6. e4 g6 7. Bd3 Bg7 8. Nge2 0-0 9. h3 a6 10. a4 Nbd7 11. 0-0 Ne5 12. Bc2 Rb8 13. Bg5 Qc7 14. a5 b5 15. axb6 Rxb6 16. Rb1 Re8 17. g4 Nf3+ 0-1

[Event "Caribbean-chT Rapid 24th"]
[Site "San Salvador"]
[Date "2023.07.04"]
[Round "9.1"]
[White "Gonzalez Peguero, Mary Loly"]
[Black "Hernandez Alvarez, Tania Regla"]
[Result "0-1"]
[WhiteElo "1688"]
[BlackElo "2012"]
[PlyCount "82"]
[EventDate "2023.07.03"]
[EventType "tourn (rapid)"]
[EventRounds "15"]
[EventCountry "ESA"]
[SourceTitle "CBM 215 Extra"]
[Source "ChessBase"]
[SourceDate "2023.09.30"]
[SourceVersion "1"]
[SourceVersionDate "2023.09.30"]
[SourceQuality "1"]
[WhiteTeam "Dominican Republic"]
[BlackTeam "Costa Rica"]
[WhiteTeamCountry "DOM"]
[BlackTeamCountry "CRI"]

1. Nf3 Nf6 2. g3 e6 3. Bg2 d5 4. d3 c5 5. Nbd2 Nc6 6. e4 dxe4 7. dxe4 e5 8. 0-0 Be7 9. c3 0-0 10. Re1 Qc7 11. a4 h6 12. Qc2 Be6 13. Nf1 Na5 14. N1d2 Rfd8 15. Nh4 c4 16. Nf5 Bc5 17. Nf3 Nb3 18. Rb1 Nxc1 19. Rbxc1 Ng4 20. Re2 g6 21. N5h4 Kg7 22. h3 Nf6 23. Nh2 Nh5 24. Kh1 Rd7 25. Rd2 Rxd2 26. Qxd2 Rd8 27. Qe2 Qb6 28. Ng4 a5 29. Rc2 Rd3 30. Kh2 Qd6 31. Nf3 Bxg4 32. hxg4 Nf6 33. Bh3 g5 34. Rd2 Qd7 35. Rxd3 cxd3 36. Qd1 Nxg4+ 37. Kg2 Nxf2 38. Bxd7 Nxd1 39. Bb5 Nxb2 40. Nd2 Be3 41. Nf1 Bc1 0-1

[Event "American Continental (Women) 13th"]
[Site "Cuenca"]
[Date "2022.12.07"]
[Round "4"]
[White "Perez Rodriguez, Jennifer"]
[Black "Hernandez Alvarez, Tania Regla"]
[Result "1-0"]
[WhiteElo "2210"]
[BlackElo "2056"]
[PlyCount "67"]
[EventDate "2022.12.05"]
[EventType "swiss"]
[EventRounds "9"]
[EventCountry "ECU"]
[SourceTitle "CBM 211 Extra"]
[Source "ChessBase"]
[SourceDate "2023.01.31"]
[SourceVersion "1"]
[SourceVersionDate "2023.01.31"]
[SourceQuality "1"]

1. d4 c5 2. d5 e6 3. c4 exd5 4. cxd5 d6 5. Nc3 Nf6 6. Nf3 g6 7. Bf4 a6 8. a4 Bg7 9. h3 0-0 10. e3 Re8 11. Nd2 Qc7 12. Nc4 Bf8 13. Be2 Nbd7 14. a5 b5 15. axb6 Nxb6 16. Na5 Bd7 17. 0-0 Bg7 18. Bf3 Bb5 19. Re1 Nc4 20. Nxc4 Bxc4 21. Qa4 Bd3 22. Qc6 Qb8 23. Bxd6 Qxb2 24. Na4 Qb5 25. Nb6 Rad8 26. Bc7 Ne4 27. Rac1 Bb2 28. Bxe4 Bxc1 29. Bxd3 Qxd3 30. Bxd8 Rxd8 31. Rxc1 Qd2 32. Qxc5 a5 33. Qc7 Kg7 34. Rc4 1-0

[Event "Olympiad Women-44"]
[Site "Chennai"]
[Date "2022.07.30"]
[Round "2.1"]
[White "Hernandez Alvarez, Tania Regla"]
[Black "Vo, Thi Kim Phung"]
[Result "1/2-1/2"]
[WhiteElo "2058"]
[BlackElo "2333"]
[PlyCount "185"]
[EventDate "2022.07.29"]
[EventType "team-swiss"]
[EventRounds "11"]
[EventCountry "IND"]
[SourceTitle "CBM 210"]
[Source "ChessBase"]
[SourceDate "2022.10.31"]
[SourceVersion "1"]
[SourceVersionDate "2022.10.31"]
[SourceQuality "1"]
[WhiteTeam "Costa Rica (W)"]
[BlackTeam "Vietnam (W)"]
[WhiteTeamCountry "CRI"]
[BlackTeamCountry "VIE"]

1. Nf3 d5 2. c4 d4 3. e3 c5 4. exd4 cxd4 5. d3 Nc6 6. g3 e5 7. Bg2 Nf6 8. 0-0 Bd6 9. a3 a5 10. Bg5 h6 11. Bxf6 Qxf6 12. Nbd2 Qd8 13. Re1 0-0 14. Qc2 Re8 15. Rab1 a4 16. c5 Bc7 17. Nc4 Be6 18. Nfd2 Bd5 19. Ne4 Bxc4 20. Qxc4 Qd7 21. Nd2 Ba5 22. Re2 Bxd2 23. Rxd2 Na5 24. Qb4 f5 25. Re1 Nb3 26. Rdd1 Ra5 27. Qc4+ Kf8 28. c6 bxc6 29. Bxc6 Qc7 30. Qb4+ Re7 31. Bxa4 Nc5 32. Bb5 Qb6 33. Bc4 Nd7 34. Qd2 Rc5 35. Rc1 e4 36. dxe4 Ne5 37. Be2 d3 38. Rxc5 Qxc5 39. Bd1 fxe4 40. Rxe4 g5 41. Qe3 Qxe3 42. Rxe3 d2 43. Kf1 g4 44. Ke2 Kg7 45. b3 Kf6 46. Kxd2 Rd7+ 47. Kc2 Rc7+ 48. Rc3 Rf7 49. f4 gxf3 50. Bxf3 Ke6 51. Be2 Rf2 52. Kd1 Rxh2 53. a4 Kd5 54. b4 Kd4 55. Rb3 Rh1+ 56. Kd2 Rh2 57. Ke1 Nc4 58. Rd3+ Ke4 59. Rf3 Ne5 60. Rf2 Rh3 61. Rg2 Ke3 62. Kd1 Nc6 63. Bg4 Rh1+ 64. Kc2 Nxb4+ 65. Kb3 Nd3 66. a5 Ra1 67. Re2+ Kd4 68. Rd2 Rxa5 69. Be2 Ke3 70. Rxd3+ Kxe2 71. Rd6 h5 72. Rg6 Kf3 73. Kc3 Kf2 74. Kd2 Ra2+ 75. Kd1 Kf3 76. Rg5 Rh2 77. Ke1 Rh3 78. Kd2 Kf2 79. Kd1 Ke3 80. Re5+ Kf3 81. Rg5 Rh2 82. Ke1 Re2+ 83. Kd1 Rh2 84. Ke1 Rh3 85. Kd2 Rh1 86. Kc2 Ke3 87. Re5+ Kd4 88. Rg5 Ke4 89. Kd2 Kf3 90. Kc2 Rh2+ 91. Kd1 Kf2 92. Kd2 Rh1 93. Kc2 1/2-1/2

[Event "American Continental 16th"]
[Site "San Salvador"]
[Date "2022.05.09"]
[Round "10"]
[White "Hernandez Alvarez, Tania Regla"]
[Black "Sarkar, Justin"]
[Result "0-1"]
[WhiteElo "2022"]
[BlackElo "2325"]
[PlyCount "74"]
[EventDate "2022.05.02"]
[EventType "swiss"]
[EventRounds "11"]
[EventCountry "ESA"]
[SourceTitle "CBM 208 Extra"]
[Source "ChessBase"]
[SourceDate "2022.07.31"]
[SourceVersion "1"]
[SourceVersionDate "2022.07.31"]
[SourceQuality "1"]

1. Nf3 d5 2. c4 d4 3. b4 Bg4 4. d3 Bxf3 5. exf3 e5 6. a3 a5 7. b5 Bd6 8. Nd2 Ne7 9. Ne4 Ng6 10. Nxd6+ Qxd6 11. g3 Nd7 12. h4 h5 13. Bh3 Nc5 14. a4 b6 15. 0-0 0-0 16. Ba3 f5 17. Bxc5 bxc5 18. f4 exf4 19. Qxh5 fxg3 20. Bxf5 Rf6 21. Be4 gxf2+ 22. Rxf2 Rxf2 23. Qd5+ Qxd5 24. Bxd5+ Rf7 25. Bxa8 Kf8 26. h5 Nf4 27. Be4 Rf6 28. Re1 Ke7 29. Bc6+ Re6 30. Rd1 Re3 31. Be4 Nxh5 32. Rf1 Ng3 33. Rf2 Nxe4 34. dxe4 Rxe4 35. Rf5 d3 36. Rd5 Rd4 37. Re5+ Kd6 0-1

[Event "American Continental 16th"]
[Site "San Salvador"]
[Date "2022.05.08"]
[Round "9"]
[White "Chavez, Ricardo Ernesto"]
[Black "Hernandez Alvarez, Tania Regla"]
[Result "0-1"]
[WhiteElo "2184"]
[BlackElo "2022"]
[PlyCount "106"]
[EventDate "2022.05.02"]
[EventType "swiss"]
[EventRounds "11"]
[EventCountry "ESA"]
[SourceTitle "CBM 208 Extra"]
[Source "ChessBase"]
[SourceDate "2022.07.31"]
[SourceVersion "1"]
[SourceVersionDate "2022.07.31"]
[SourceQuality "1"]

1. e4 c5 2. Nf3 g6 3. d4 cxd4 4. Qxd4 Nf6 5. e5 Nc6 6. Qa4 Nd5 7. Qe4 Nb6 8. Nc3 d5 9. exd6 Bf5 10. Qf4 Qxd6 11. Qxd6 exd6 12. Nb5 0-0-0 13. Bg5 Re8+ 14. Kd2 d5 15. Nbd4 Be4 16. b3 Bg7 17. c3 h6 18. Be3 g5 19. Nb5 Kb8 20. Nfd4 Nc8 21. h4 Bf6 22. f3 Bg6 23. h5 Bh7 24. Bd3 Bxd3 25. Kxd3 Ne5+ 26. Kd2 a6 27. Na3 Nd6 28. Nac2 Re7 29. Nb4 Nec4+ 30. bxc4 Nxc4+ 31. Kc1 Nxe3 32. Ndc6+ bxc6 33. Nxc6+ Ka8 34. Nxe7 Bxe7 35. g3 Bf6 36. Kd2 Nc4+ 37. Kd3 Ne5+ 38. Ke2 Re8 39. Rhe1 Nd7+ 40. Kd3 Rc8 41. Rac1 Nc5+ 42. Kd2 Na4 43. Re3 Nxc3 44. f4 d4 45. Ree1 Rb8 46. Rc2 gxf4 47. gxf4 Rg8 48. Kd3 Kb7 49. Kc4 Kc6 50. Rb2 a5 51. Kd3 Rg3+ 52. Kc2 Rg2+ 53. Kc1 Nxa2+ 0-1

[Event "American Continental 16th"]
[Site "San Salvador"]
[Date "2022.05.06"]
[Round "6"]
[White "Hernandez Alvarez, Tania Regla"]
[Black "Noboa Silva, Kevin Omar"]
[Result "0-1"]
[WhiteElo "2022"]
[BlackElo "2323"]
[PlyCount "122"]
[EventDate "2022.05.02"]
[EventType "swiss"]
[EventRounds "11"]
[EventCountry "ESA"]
[SourceTitle "CBM 208 Extra"]
[Source "ChessBase"]
[SourceDate "2022.07.31"]
[SourceVersion "1"]
[SourceVersionDate "2022.07.31"]
[SourceQuality "1"]

1. Nf3 Nf6 2. c4 c5 3. Nc3 b6 4. g3 Bb7 5. Bg2 e6 6. 0-0 a6 7. d4 cxd4 8. Qxd4 d6 9. e4 Qc7 10. b3 Nbd7 11. Bb2 Be7 12. Rac1 0-0 13. h3 Rac8 14. Rfd1 Qb8 15. Nh2 Qa8 16. Ng4 Rfd8 17. Nxf6+ Bxf6 18. Qxd6 Nc5 19. Qxb6 Nd3 20. Rxd3 Rxd3 21. Na4 Bxb2 22. Nxb2 Rd2 23. Na4 Bc6 24. Nc3 a5 25. Qe3 Rcd8 26. Bf1 h6 27. Ra1 R8d4 28. Re1 Qd8 29. Rc1 Qd7 30. a3 Rb2 31. b4 Rb3 32. f3 axb4 33. axb4 Rxb4 34. Nd5 exd5 35. Qxd4 dxc4 36. Qxd7 Bxd7 37. Rxc4 Rb1 38. Rc2 Bxh3 39. Rf2 Kf8 40. f4 Ke7 41. Rf3 h5 42. Rf2 Kd6 43. Rd2+ Kc5 44. Rd5+ Kc6 45. Rxh5 Rxf1+ 46. Kh2 Bg4 47. Rg5 Bf3 48. g4 Bxe4 49. Rxg7 Rxf4 50. Kg3 Rf1 51. Rg5 Kd6 52. Ra5 Ke6 53. Rb5 Bd5 54. Ra5 Ke5 55. Ra4 Rg1+ 56. Kh2 Rg2+ 57. Kh3 Ra2 58. Rb4 Be4 59. Kg3 Ra3+ 60. Kh2 Kf4 61. Rc4 Ra1 0-1

[Event "Online Olym Div2 E"]
[Site "Chess.com INT"]
[Date "2021.09.02"]
[Round "2.5"]
[White "Perez Rodriguez, Jennifer"]
[Black "Hernandez Alvarez, Tania Regla"]
[Result "1-0"]
[WhiteElo "2251"]
[BlackElo "2041"]
[PlyCount "67"]
[EventDate "2021.09.02"]
[EventType "team (rapid)"]
[EventRounds "9"]
[EventCountry "USA"]
[SourceTitle "CBM 204 Extra"]
[Source "ChessBase"]
[SourceDate "2021.11.30"]
[SourceVersion "1"]
[SourceVersionDate "2021.11.30"]
[SourceQuality "1"]
[WhiteTeam "Paraguay"]
[BlackTeam "Costa Rica"]
[WhiteTeamCountry "PAR"]
[BlackTeamCountry "CRI"]

1. e4 d6 2. d4 Nf6 3. Nc3 Nbd7 4. Nf3 e5 5. dxe5 dxe5 6. Bc4 Be7 7. 0-0 h6 8. Re1 c6 9. a3 Qc7 10. h3 Nf8 11. Nh4 g6 12. Qe2 Ne6 13. Nf3 g5 14. Nh2 Nd4 15. Qd1 Rg8 16. Ne2 Bc5 17. Nxd4 Bxd4 18. c3 Bc5 19. Be3 Nxe4 20. Bxc5 Nxc5 21. b4 Be6 22. Bxe6 Nxe6 23. Ng4 Rg6 24. Nxe5 Rf6 25. Ng4 Rg6 26. Qd3 Rd8 27. Qf5 Qf4 28. Qxf4 gxf4 29. Ne5 Rg5 30. Nf3 Rgd5 31. Nd4 Ke7 32. Re4 f5 33. Rxe6+ Kf7 34. Rae1 1-0

[Event "American World Cup Q Prelim"]
[Site "Tornelo INT"]
[Date "2021.05.09"]
[Round "6"]
[White "Escobar Medina, Andres F"]
[Black "Hernandez Alvarez, Tania Regla"]
[Result "1-0"]
[WhiteElo "2298"]
[BlackElo "2041"]
[PlyCount "69"]
[EventDate "2021.05.08"]
[EventType "swiss (rapid)"]
[EventRounds "9"]
[EventCountry "USA"]
[SourceTitle "CBM 202 Extra"]
[Source "ChessBase"]
[SourceDate "2021.07.31"]
[SourceVersion "1"]
[SourceVersionDate "2021.07.31"]
[SourceQuality "1"]

1. e4 d6 2. d4 Nf6 3. Nc3 Nbd7 4. f4 e5 5. Nf3 exd4 6. Nxd4 g6 7. Bd3 Bg7 8. Nde2 0-0 9. 0-0 Re8 10. Ng3 Nc5 11. h3 b6 12. Re1 Bb7 13. Bd2 a6 14. b4 Nxd3 15. cxd3 b5 16. Rc1 Rc8 17. Qb3 c5 18. Nd1 d5 19. e5 c4 20. Qb2 Nd7 21. Bc3 Nb6 22. d4 Na4 23. Qf2 Qe7 24. a3 Qh4 25. Ne3 Nxc3 26. Rxc3 Bh6 27. Rf1 Ra8 28. Qf3 a5 29. bxa5 Rxa5 30. Nef5 gxf5 31. Nxf5 Qxf4 32. Qxf4 Bxf4 33. Rxf4 Rea8 34. Nd6 Bc6 35. Rg3+ 1-0

[Event "American World Cup Q Prelim"]
[Site "Tornelo INT"]
[Date "2021.05.08"]
[Round "3"]
[White "Hernandez Alvarez, Tania Regla"]
[Black "Fernandez Guillen, Ernesto J"]
[Result "0-1"]
[WhiteElo "2041"]
[BlackElo "2411"]
[PlyCount "84"]
[EventDate "2021.05.08"]
[EventType "swiss (rapid)"]
[EventRounds "9"]
[EventCountry "USA"]
[SourceTitle "CBM 202 Extra"]
[Source "ChessBase"]
[SourceDate "2021.07.31"]
[SourceVersion "1"]
[SourceVersionDate "2021.07.31"]
[SourceQuality "1"]

1. b3 Nf6 2. Nf3 g6 3. Bb2 Bg7 4. g3 0-0 5. Bg2 d5 6. 0-0 c6 7. c4 Nbd7 8. cxd5 Nxd5 9. Bxg7 Kxg7 10. Qc2 e5 11. Qb2 Qf6 12. e4 Nc7 13. Re1 Ne6 14. d4 Nxd4 15. Nxd4 exd4 16. f4 Nc5 17. e5 Qd8 18. Rd1 Bg4 19. Rxd4 Qb6 20. Kh1 Ne6 21. Rd2 Rad8 22. Nc3 Qe3 23. Ne4 Rd5 24. Rxd5 cxd5 25. Nf6 Bf3 26. Nxd5 Bxd5 27. Bxd5 Rd8 28. Bxe6 Rd2 29. Qxd2 Qxd2 30. Bc4 b5 31. Bf1 Qc3 32. Rb1 Qc2 33. Ra1 Qb2 34. Rd1 Qxa2 35. Bxb5 Qxb3 36. Be2 a5 37. Kg2 a4 38. Kf2 a3 39. Rc1 Qb6+ 40. Ke1 a2 41. Kd2 Qb2+ 42. Kd1 Qxc1+ 0-1

[Event "American World Cup Q Prelim"]
[Site "Tornelo INT"]
[Date "2021.05.08"]
[Round "2"]
[White "Richards, Shaheim"]
[Black "Hernandez Alvarez, Tania Regla"]
[Result "0-1"]
[WhiteElo "1451"]
[BlackElo "2041"]
[PlyCount "80"]
[EventDate "2021.05.08"]
[EventType "swiss (rapid)"]
[EventRounds "9"]
[EventCountry "USA"]
[SourceTitle "CBM 202 Extra"]
[Source "ChessBase"]
[SourceDate "2021.07.31"]
[SourceVersion "1"]
[SourceVersionDate "2021.07.31"]
[SourceQuality "1"]

1. d4 d5 2. Nf3 Nf6 3. e3 a6 4. Bd3 e6 5. Nbd2 Nbd7 6. b3 Bd6 7. Bb2 0-0 8. 0-0 b5 9. Ne5 c5 10. f4 Qc7 11. c4 bxc4 12. bxc4 cxd4 13. exd4 dxc4 14. Ndxc4 Nb6 15. Rc1 Nxc4 16. Rxc4 Qb6 17. Qc2 Bb7 18. Rb1 Bd5 19. Ba3 Qd8 20. Rc3 Bxa3 21. Rxa3 Qd6 22. Ra4 Rfc8 23. Qe2 h6 24. Rxa6 Rxa6 25. Bxa6 Ra8 26. Bc4 Be4 27. Rd1 Bb7 28. Bb3 Nd5 29. Qd2 Nf6 30. Nf3 Nd5 31. Ne5 Rc8 32. Rc1 Rd8 33. Rd1 Ne7 34. Nf3 Ng6 35. Ne5 Nxe5 36. fxe5 Qc6 37. Qf2 Qe4 38. h3 Rc8 39. Kh2 Rc3 40. Rd2 Re3 0-1

[Event "American World Cup Q Prelim"]
[Site "Tornelo INT"]
[Date "2021.05.08"]
[Round "4"]
[White "Sookraj, Druva"]
[Black "Hernandez Alvarez, Tania Regla"]
[Result "0-1"]
[WhiteElo "1422"]
[BlackElo "2041"]
[PlyCount "64"]
[EventDate "2021.05.08"]
[EventType "swiss (rapid)"]
[EventRounds "9"]
[EventCountry "USA"]
[SourceTitle "CBM 202 Extra"]
[Source "ChessBase"]
[SourceDate "2021.07.31"]
[SourceVersion "1"]
[SourceVersionDate "2021.07.31"]
[SourceQuality "1"]

1. e4 d6 2. Nf3 Nf6 3. Nc3 e5 4. d4 Nbd7 5. Bg5 Be7 6. dxe5 dxe5 7. Bc4 c6 8. 0-0 Qc7 9. Qe2 h6 10. Bh4 0-0 11. Rad1 b5 12. Bb3 a5 13. a3 Nc5 14. Bxf6 Bxf6 15. Rd2 Nxb3 16. cxb3 b4 17. Na4 Ba6 18. Qd1 Bxf1 19. Kxf1 Rfd8 20. axb4 axb4 21. Nc5 Rxd2 22. Qxd2 Ra1+ 23. Ke2 Qa5 24. Nd7 Qb5+ 25. Ke3 Bg5+ 26. Nxg5 hxg5 27. Qd6 Re1+ 28. Kf3 Qe2+ 29. Kg3 Qxe4 30. Qf8+ Kh7 31. Qxf7 Qh4+ 32. Kf3 g4# 0-1

[Event "Online Olym Div2 E"]
[Site "Chess.com INT"]
[Date "2020.08.16"]
[Round "8.3"]
[White "Hernandez Alvarez, Tania Regla"]
[Black "Arakhamia Grant, Ketevan"]
[Result "0-1"]
[WhiteElo "2041"]
[BlackElo "2380"]
[PlyCount "68"]
[EventDate "2020.08.14"]
[EventType "team-tourn (rapid)"]
[EventRounds "9"]
[EventCountry "USA"]
[SourceTitle "CBM 198"]
[Source "ChessBase"]
[SourceDate "2020.10.31"]
[SourceVersion "1"]
[SourceVersionDate "2020.10.31"]
[SourceQuality "1"]
[WhiteTeam "Costa Rica"]
[BlackTeam "Scotland"]
[WhiteTeamCountry "CRI"]
[BlackTeamCountry "SCO"]

1. Nf3 Nf6 2. b3 g6 3. Bb2 Bg7 4. c4 d6 5. d4 0-0 6. Nbd2 e5 7. dxe5 Nfd7 8. e3 dxe5 9. Qc2 Nc6 10. a3 f5 11. Be2 Qe7 12. 0-0 e4 13. Bxg7 Qxg7 14. Ng5 Nde5 15. c5 Qe7 16. Nh3 Be6 17. b4 a6 18. Nc4 Rad8 19. Rad1 Bf7 20. Nxe5 Nxe5 21. a4 h6 22. Rxd8 Rxd8 23. Rd1 g5 24. Rd4 Rxd4 25. exd4 Nc6 26. Qc3 Qd8 27. b5 axb5 28. axb5 Qxd4 29. Qc1 Ne5 30. g3 Nd3 31. Qa3 g4 32. Bxd3 exd3 33. Nf4 d2 34. Qa8+ Kg7 0-1

[Event "Online Olym Div2 E"]
[Site "Chess.com INT"]
[Date "2020.08.14"]
[Round "3.3"]
[White "Hernandez Alvarez, Tania Regla"]
[Black "Fierro Baquero, Martha Lorena"]
[Result "0-1"]
[WhiteElo "2041"]
[BlackElo "2359"]
[PlyCount "116"]
[EventDate "2020.08.14"]
[EventType "team-tourn (rapid)"]
[EventRounds "9"]
[EventCountry "USA"]
[SourceTitle "CBM 198"]
[Source "ChessBase"]
[SourceDate "2020.10.31"]
[SourceVersion "1"]
[SourceVersionDate "2020.10.31"]
[SourceQuality "1"]
[WhiteTeam "Costa Rica"]
[BlackTeam "Ecuador"]
[WhiteTeamCountry "CRI"]
[BlackTeamCountry "ECU"]

1. Nf3 g6 2. g3 Bg7 3. Bg2 Nf6 4. b3 0-0 5. Bb2 c5 6. c4 Nc6 7. 0-0 d6 8. e3 a6 9. d4 Rb8 10. d5 Na5 11. Nbd2 b5 12. Qc1 bxc4 13. bxc4 Rxb2 14. Qxb2 Nxd5 15. Qa3 Bxa1 16. Rxa1 Nb4 17. Qc3 Bg4 18. h3 Bf5 19. e4 Bd7 20. a3 Nbc6 21. Qe3 e5 22. Rb1 Nd4 23. Kh2 Be6 24. Bf1 Kg7 25. Ne1 h5 26. f4 h4 27. g4 exf4 28. Qxf4 Nac6 29. Nef3 f6 30. Rb7+ Rf7 31. Rxf7+ Bxf7 32. Bd3 Ne5 33. Qe3 Ndxf3+ 34. Nxf3 Nxf3+ 35. Qxf3 Qa5 36. Be2 Qe1 37. Kg2 Qc1 38. Qd3 Qf4 39. Bf1 g5 40. Be2 Bg6 41. Bf3 Qg3+ 42. Kf1 Qxh3+ 43. Ke2 Qh2+ 44. Kd1 Qe5 45. Kc2 Bf7 46. Qb3 Qd4 47. Qd3 Qxc4+ 48. Qxc4 Bxc4 49. Bg2 Be2 50. Kc3 Kf7 51. Kb3 Ke6 52. Ka4 Ke5 53. Ka5 c4 54. Kb4 Kd4 55. a4 c3 56. Kb3 Bd1+ 57. Ka2 Kd3 58. a5 Kd2 0-1

[Event "Online Olym Div3 E"]
[Site "Chess.com INT"]
[Date "2020.08.09"]
[Round "7.3"]
[White "Carrillo Marval, Maria Angelica"]
[Black "Hernandez Alvarez, Tania Regla"]
[Result "1/2-1/2"]
[WhiteElo "1730"]
[BlackElo "2041"]
[PlyCount "112"]
[EventDate "2020.08.07"]
[EventType "team-tourn (rapid)"]
[EventRounds "9"]
[EventCountry "USA"]
[SourceTitle "CBM 198"]
[Source "ChessBase"]
[SourceDate "2020.10.31"]
[SourceVersion "1"]
[SourceVersionDate "2020.10.31"]
[SourceQuality "1"]
[WhiteTeam "Panama"]
[BlackTeam "Costa Rica"]
[WhiteTeamCountry "PAN"]
[BlackTeamCountry "CRI"]

1. e4 g6 2. d4 Bg7 3. Nc3 c5 4. dxc5 Qa5 5. Bd2 Qxc5 6. Bd3 Nf6 7. Nf3 0-0 8. Qe2 d6 9. h3 a6 10. 0-0 b5 11. a3 Bb7 12. Rfe1 Nbd7 13. Be3 Qc7 14. Bd4 Rfc8 15. Rad1 Qa5 16. Nh2 b4 17. Nb1 bxa3 18. Nxa3 Ne5 19. Nc4 Nxc4 20. Bxc4 Qb4 21. Bb3 Nxe4 22. Bxg7 Kxg7 23. Nf3 Qc5 24. Rd4 Nf6 25. Rc4 Qb5 26. Rxc8 Qxe2 27. Rxe2 Rxc8 28. Rxe7 Bxf3 29. Rxf7+ Kh6 30. gxf3 Re8 31. Rxf6 Re1+ 32. Kg2 Rd1 33. Rf4 Rb1 34. Ra4 Rxb2 35. Rxa6 d5 36. Rd6 Rb1 37. Rxd5 Re1 38. Rd3 Rc1 39. c4 Kg5 40. Rd5+ Kf6 41. c5 Ke7 42. Ba4 Ke6 43. Rd6+ Ke5 44. Rd7 Rxc5 45. Rxh7 Kf6 46. Bd7 Rg5+ 47. Bg4 Ra5 48. Rc7 Kg5 49. Kg3 Ra2 50. h4+ Kf6 51. Rc6+ Kg7 52. f4 Ra1 53. Rc7+ Kf6 54. Rc6+ Kg7 55. Rc7+ Kf6 56. Rc6+ Kg7 1/2-1/2

[Event "Online Olym Div3 E"]
[Site "Chess.com INT"]
[Date "2020.08.07"]
[Round "2.5"]
[White "Corrales Jimenez, Zenia"]
[Black "Hernandez Alvarez, Tania Regla"]
[Result "1-0"]
[WhiteElo "2234"]
[BlackElo "2041"]
[PlyCount "93"]
[EventDate "2020.08.07"]
[EventType "team-tourn (rapid)"]
[EventRounds "9"]
[EventCountry "USA"]
[SourceTitle "CBM 198"]
[Source "ChessBase"]
[SourceDate "2020.10.31"]
[SourceVersion "1"]
[SourceVersionDate "2020.10.31"]
[SourceQuality "1"]
[WhiteTeam "Mexico"]
[BlackTeam "Costa Rica"]
[WhiteTeamCountry "MEX"]
[BlackTeamCountry "CRI"]

1. e4 d6 2. d4 Nf6 3. Nc3 Nbd7 4. Nf3 e5 5. Bc4 Be7 6. 0-0 0-0 7. a4 c6 8. h3 Qc7 9. Re1 a5 10. b3 h6 11. Bb2 Re8 12. dxe5 dxe5 13. Nh4 Nb6 14. Bd3 Bb4 15. Qf3 Qe7 16. Red1 Nh7 17. Nf5 Bxf5 18. Qxf5 Rad8 19. Ne2 Rd6 20. Ng3 Rf6 21. Qh5 Bc5 22. Rf1 Rg6 23. Nf5 Qf6 24. Bc1 Ng5 25. Kh1 Ne6 26. Nh4 Rg5 27. Bxg5 Nxg5 28. Nf3 Nxf3 29. Qxf3 Qg6 30. Rad1 Bd4 31. Qf5 Qd6 32. Be2 Qc5 33. Bd3 Re6 34. f4 Rf6 35. Qh5 Qe7 36. fxe5 Rxf1+ 37. Rxf1 Bxe5 38. Qf5 f6 39. Be2 Qc5 40. Qe6+ Kh7 41. Bg4 Qf8 42. Bf5+ Kh8 43. Rd1 Na8 44. Qd7 Nc7 45. Qd8 Ne8 46. Bd7 Bc7 47. Qxe8 1-0

[Event "Isolated Queens Internet op 2nd"]
[Site "Chess.com INT"]
[Date "2020.05.02"]
[Round "5"]
[White "Ambartsumova, Karina"]
[Black "Hernandez Alvarez, Tania Regla"]
[Result "1-0"]
[WhiteElo "2371"]
[BlackElo "2041"]
[PlyCount "65"]
[EventDate "2020.05.02"]
[EventType "swiss"]
[EventRounds "10"]
[EventCountry "USA"]
[SourceTitle "CBM 195 Extra"]
[Source "ChessBase"]
[SourceDate "2020.05.31"]
[SourceVersion "1"]
[SourceVersionDate "2020.05.31"]
[SourceQuality "1"]

1. e4 c5 2. Nf3 a6 3. c4 d6 4. d4 cxd4 5. Nxd4 Nc6 6. Nc3 g6 7. Nc2 Bg7 8. Be2 Nf6 9. 0-0 0-0 10. Be3 Be6 11. f4 Na5 12. b3 b5 13. cxb5 axb5 14. Bd4 b4 15. Nxb4 Qd7 16. Nbd5 Nxd5 17. exd5 Bf5 18. Bxg7 Kxg7 19. Qd4+ Kg8 20. Rae1 Rfc8 21. h3 h5 22. Bf3 Nb7 23. Be4 Bxe4 24. Nxe4 Nc5 25. Re2 Nxe4 26. Qxe4 Rc7 27. f5 Kg7 28. fxg6 fxg6 29. Qd4+ Kg8 30. Re6 Qe8 31. Qe4 Rxa2 32. Rxg6+ Kh8 33. Qd4+ 1-0

[Event "Isolated Queens Internet op 2nd"]
[Site "Chess.com INT"]
[Date "2020.05.02"]
[Round "9"]
[White "Arakhamia Grant, Ketevan"]
[Black "Hernandez Alvarez, Tania Regla"]
[Result "0-1"]
[WhiteElo "2380"]
[BlackElo "2041"]
[PlyCount "82"]
[EventDate "2020.05.02"]
[EventType "swiss"]
[EventRounds "10"]
[EventCountry "USA"]
[SourceTitle "CBM 195 Extra"]
[Source "ChessBase"]
[SourceDate "2020.05.31"]
[SourceVersion "1"]
[SourceVersionDate "2020.05.31"]
[SourceQuality "1"]

1. e4 d6 2. d4 Nf6 3. Nc3 e6 4. f4 Be7 5. Nf3 0-0 6. Bd3 b6 7. e5 dxe5 8. fxe5 Nd5 9. Ne4 h6 10. c3 c5 11. 0-0 cxd4 12. cxd4 Ba6 13. a3 Bxd3 14. Qxd3 Nc6 15. Bd2 Rc8 16. Rac1 Qd7 17. Kh1 Na5 18. Ng3 Rxc1 19. Bxc1 Rc8 20. Nh5 Bf8 21. Nd2 Qc7 22. h3 Qc2 23. Qf3 Qg6 24. Ne4 Nc4 25. Nf4 Nxf4 26. Qxf4 Na5 27. Bd2 Nb3 28. Bc3 Rd8 29. Ng3 a5 30. h4 h5 31. Kh2 Be7 32. Rf3 Rf8 33. Ne4 Qg4 34. Qxg4 hxg4 35. Rf4 Bxh4 36. Rxg4 Be7 37. Nf6+ Bxf6 38. exf6 g6 39. d5 exd5 40. Be5 Re8 41. Bd6 d4 0-1